000 03257nam0a2200349 4500
001 RU\NLR\BIBL_A\016212903
005 20221215154457.0
010 _a978-5-6043776-9-7
021 _aRU
_bКН-П-22-070732
_9КН-П-22-6159
035 _a(NLR Aleph) 016212903
035 _a(RuMoRGB)011287052
090 _a12713042
_c12713042
100 _a20221121d2022 k y0rusy50 ca
101 0 _arus
102 _aRU
105 _ay z 100zy
181 0 _ai
_baxxe
182 0 _an
200 1 _aКонференция по лечению и диагностике сахарного диабета "Фундаментальная и клиническая диабетология в 21 веке: от теории к практике", 7-8 сентября 2022 года, Москва
_eсборник тезисов
_f[Министерство науки и высшего образования Российской Федерации, Министерство здравоохранения Российской Федерации, Российская ассоциация эндокринологов, НМИЦ эндокринологии Минздрава России]
203 _aТекст
_bвизуальный
_cнепосредственный
210 _aМосква
_cНМИЦ эндокринологии
_d2022
215 _a131 с.
_d30
330 _aВ сборнике представлены тезисы научных материалов (устных и стендовых докладов, лекций, семинаров, симпозиумов), представленных авторами и отобранных научно-организационным комитетом для рассмотрения в рамках конференции по лечению и диагностике сахарного диабета "Фундаментальная и клиническая диабетология в 21 веке: от теории к практике" (07-08 сентября 2022 года). Научные материалы структурированы, отрецензированы, отредактированы и сгруппированы по тематическим направлениям работы Конференции. Сборник рекомендован эндокринологам, а также специалистам смежных областей клинической и экспериментальной медицины и организаторам системы здравоохранения Российской Федерации
606 1 _aСахарный диабет
_jТезисы докладов
_9923309
_3RU\NLR\AUTH\6619988
675 _a616.379-008.64(043.2)
_v4
686 1 _aР415.160.23я431(2)
710 1 2 _a"Фундаментальная и клиническая диабетология в 21 веке: от теории к практике", конференция по лечению и диагностике сахарного диабета
_eМосква
_f2022
_9822210
_3RU\NLR\AUTH\880578231
942 _cBOOK
980 _aNB